[Event "Barcelona Sant Marti op-B 17th"]
[Site "Barcelona"]
[Date "2015.07.21"]
[Round "9"]
[White "Ramos Fernandez, Pilar"]
[Black "Ortega Farrus, Alfonso"]
[Result "0-1"]
[WhiteElo "1609"]
[BlackElo "1704"]
[PlyCount "94"]
[EventDate "2015.07.13"]
[EventType "swiss"]
[EventRounds "9"]
[EventCountry "ESP"]
[SourceTitle "EXT 2016"]
[Source "ChessBase"]
[SourceDate "2015.10.08"]
[SourceVersion "1"]
[SourceVersionDate "2015.10.08"]
[SourceQuality "1"]

1. e4 d5 2. exd5 Qxd5 3. Nc3 Qa5 4. d4 Nf6 5. Nf3 c6 6. Bc4 Bg4 7. Bxf7+ Kxf7 8. Ne5+ Qxe5+ 9. dxe5 Bxd1 10. Nxd1 Nd5 11. 0-0 e6 12. Re1 Bc5 13. Ne3 Nxe3 14. Bxe3 Bxe3 15. Rxe3 Rd8 16. Rf3+ Kg8 17. Re1 Rd2 18. h3 Nd7 19. Re4 Nb6 20. Ref4 Rdd8 21. g4 Nd5 22. Rf7 Rab8 23. c4 Nb6 24. c5 Nd5 25. h4 Rf8 26. Rxf8+ Rxf8 27. Rb3 b6 28. cxb6 axb6 29. a4 Rf4 30. f3 Rxa4 31. h5 c5 32. f4 Rxf4 33. Rg3 Re4 34. g5 Rxe5 35. h6 g6 36. Kg2 Rf5 37. b3 e5 38. Rg4 Ne3+ 39. Kg3 Nxg4 40. Kxg4 e4 41. b4 cxb4 42. Kh4 e3 43. Kg4 e2 44. Kh4 e1Q+ 45. Kg4 Qg1+ 46. Kh4 Rf2 47. Kh3 Rh2# 0-1

[Event "Barcelona Sant Marti op-B 4th"]
[Site "Barcelona"]
[Date "2015.02.26"]
[Round "7"]
[White "Tordera Jumilla, Joaquim"]
[Black "Ramos Fernandez, Pilar"]
[Result "0-1"]
[WhiteElo "1700"]
[BlackElo "1700"]
[PlyCount "32"]
[EventDate "2015.01.15"]
[EventType "swiss"]
[EventRounds "9"]
[EventCountry "ESP"]
[SourceTitle "EXT 2016"]
[Source "ChessBase"]
[SourceDate "2015.10.08"]
[SourceVersion "1"]
[SourceVersionDate "2015.10.08"]
[SourceQuality "1"]

1. b3 Nf6 2. Bb2 Nc6 3. e3 e5 4. d4 Bb4+ 5. Nc3 0-0 6. Be2 d5 7. h3 Bf5 8. g4 Bg6 9. Qd2 Ne4 10. Qd3 Qd6 11. Rh2 Nxc3 12. Bxc3 Bxd3 13. 0-0-0 Bxc3 14. Rxd3 Ba5 15. f3 Qa3+ 16. Kb1 Nb4 0-1

[Event "Barcelona Sant Marti op-B 4th"]
[Site "Barcelona"]
[Date "2015.02.12"]
[Round "5"]
[White "Ramos Fernandez, Pilar"]
[Black "Gomez Fernandez, Miquel"]
[Result "0-1"]
[WhiteElo "1700"]
[BlackElo "1781"]
[PlyCount "78"]
[EventDate "2015.01.15"]
[EventType "swiss"]
[EventRounds "9"]
[EventCountry "ESP"]
[SourceTitle "EXT 2016"]
[Source "ChessBase"]
[SourceDate "2015.10.08"]
[SourceVersion "1"]
[SourceVersionDate "2015.10.08"]
[SourceQuality "1"]

1. e4 c5 2. d4 cxd4 3. c3 dxc3 4. Nxc3 Nc6 5. Nf3 d6 6. Bc4 Nf6 7. e5 Nxe5 8. Nxe5 dxe5 9. Qxd8+ Kxd8 10. 0-0 e6 11. Rd1+ Ke7 12. Be3 b6 13. Rd2 Bb7 14. f3 Rd8 15. Rad1 Rxd2 16. Rxd2 g6 17. Bg5 Bg7 18. Bb5 Rd8 19. Re2 h6 20. Bh4 g5 21. Be1 Nd5 22. Bc4 Nxc3 23. bxc3 f6 24. Kf1 Bf8 25. Rb2 Kf7 26. Bf2 Rd1+ 27. Be1 Bd5 28. Be2 Rc1 29. a4 Ra1 30. c4 Bc6 31. Bd1 Rxd1 32. Ra2 Bb4 33. Re2 Rxe1+ 34. Rxe1 Bxe1 35. Kxe1 Bxa4 36. Kd2 Ke7 37. Kc3 Kd6 38. Kb4 Bc6 39. g3 Bxf3 0-1

[Event "Sant Adria de Besos op 10th"]
[Site "Sant Adria de Besos"]
[Date "2014.05.25"]
[Round "4"]
[White "Ramos Fernandez, Pilar"]
[Black "Campayo Cuesta, Santiago"]
[Result "0-1"]
[WhiteElo "1700"]
[BlackElo "1700"]
[PlyCount "50"]
[EventDate "2014.05.04"]
[EventType "swiss"]
[EventRounds "8"]
[EventCountry "ESP"]
[SourceTitle "EXT 2015"]
[Source "ChessBase"]
[SourceDate "2014.11.20"]
[SourceVersion "1"]
[SourceVersionDate "2014.11.20"]
[SourceQuality "1"]

1. e4 e5 2. Nf3 Nc6 3. Bb5 a6 4. Bc4 Nf6 5. 0-0 h6 6. Nc3 d6 7. Re1 Bg4 8. d4 Bxf3 9. Qxf3 Nxd4 10. Qd3 Be7 11. Nd5 0-0 12. Be3 Ne6 13. f3 Kh8 14. Qb3 b5 15. Bd3 c5 16. a4 c4 17. Bxc4 bxc4 18. Qxc4 Nxd5 19. Qxd5 Ng5 20. Qb7 Nh7 21. Rad1 Bg5 22. Bb6 Qe8 23. Rxd6 Qxa4 24. b3 Qb4 25. Rd7 Qxe1# 0-1